00860nam a2200205 i 450000100060000000300090000600500170001500700030003200800410003510000410007624501010011726001100021830000410032849000290036971000480039883000370044685200320048399900170051595201220053233110ES-MaACL20230906154710.0t|030201s1964 sp ||||1| spa d1 aBercichewsky Scher, Bernardo.92785014aLos enterramientos en cuevas artificiales del bronce Hispánico /cBernardo Bercichewsky Scher. aMadrid : bConsejo Superior de Investigaciones Científicas, Instituto Español de Prehistoria, c1964. a242 p., 13 lám. : bil. ; c32 cm.1 aBiblioteca praehistorica2 aInstituto Español de Prehistoria.91945160 aBiblioteca praehistorica9229444 aES-MaACLjC-29016 bR.59556 c33110d33110 00104070aATENEOMbATENEOMcDEPO2d2008-01-17eSCl0oC-29016p1034416r2023-02-23 00:00:00w2023-02-23yMONOGRAFIA